000 00931nem a2200229 a 4500
001 000554743
003 AM-YeHGA
005 20250617140141.0
007 aj canzn
008 071024s |||||| cz a | rus d
034 3 _aa
_b1500 000
_b500 000
040 _aAM-YeHGA
041 0 _arus
245 0 0 _aФранция /
_h[карты] :
_cГл. Упр. Геодезии и Картографии при Совмин. СССР; Отв. ред.: Е. Дрейлинг.
255 _aМасштаб 1:1500 000
_aМасштаб 1:500 000
_bПроекция коническая равноугольная
260 _aБ. м. :
_bБ. и.
300 _a1 к. (2 л.) :
_bцв.
651 4 _aФранция
_vКарта
700 1 _aДрейлинг, Е.
_eред.
_4edt
710 2 _aГлавное управление геодезии и картографии при Совете Министров СССР
090 _c215955
999 _c214439
_d214439